=LDR 00000nam 2200000 4500 =001 INLIS000000000055500 =005 20200504021824 =035 ##$$a 0010-0420000179 =007 ta =008 200504################g##########0#ind## =082 ##$$a 2x3.131 =084 ##$$a 2x3.131 YAS k =100 #$$a Yasin, Mohammad Na'im =245 1#$$a Kenapa takut pada islam /$c Dr. Mohammad Na'im Yasin =250 ##$$a Cet. 4 =260 ##$$a Jakarta :$b Buku andalan,$c 1990 =300 ##$$a 65 hlm. ; $c 17 x 12 cm. =600 #4$$a Iman - Islam =990 ##$$a 75.700/pro-94 =990 ##$$a 113.173/pro-97 =990 ##$$a 06620662 =990 ##$$a 113.172/Pro-97 =990 ##$$a 75.700/pro-94 =990 ##$$a 113.173/pro-97